000 01194nam a2200301 c 4500
003 BLK
005 20180422120401.0
008 180411b bul|||||r ||||||| ||bul||
010 _aKNG00209628000
040 _aBLK
041 _aBUL
_cBUL
080 _aБългарска литература
_b821.163.2
_x-1
_z821.163.2-1
100 1 _aСвежин, Георги
_eпърви автор
_9284521
700 1 _aНейков, Георги Иванов
_e*
_9284522
700 1 _aЛазаров, Петър
_eхудож.
_9364737
139 _aСвежин, Георги
_bС 25
245 1 0 _aОтвъд цъфтежа
_bСтихотворения
_cГеорги Свежин; * Георги Иванов Нейков; худож. Петър Лазаров.
257 _aBGR
260 София
_bБълг. писател
_c1989
_fВраца : В. Александров
300 _a96 с.
_c23 см
380 _aX
500 _aИстинското име на авт. е Георги Иванов Нейков.
852 _aЦб 160231
856 4 _qpdf
_u
856 4 _qpdf
_u
942 _cKNG
_n0
944 _aCR
_c14.07.2017
_kТеодора_Стоянова
944 _aED
_c14.07.2017
_kТеодора_Стоянова
999 _c200212
_d200212